<?xml version="1.0" encoding="UTF-8"?>
<collection xmlns="http://www.loc.gov/MARC21/slim">
 <record>
  <leader>01055ppm a22002418a 4500</leader>
  <controlfield tag="001">00026820</controlfield>
  <controlfield tag="005">20171026081022.0</controlfield>
  <controlfield tag="008">110830s2007                  ||||||Viesd</controlfield>
  <datafield tag="041" ind1="0" ind2="#">
   <subfield code="a">Vie</subfield>
  </datafield>
  <datafield tag="082" ind1="1" ind2="4">
   <subfield code="a">639</subfield>
   <subfield code="b">T310H</subfield>
  </datafield>
  <datafield tag="100" ind1="1" ind2="#">
   <subfield code="a">Nguyễn, Thái Bình</subfield>
  </datafield>
  <datafield tag="245" ind1="1" ind2="0">
   <subfield code="a">Tìm hiểu một số kỹ thuật về nuôi tôm càng xanh thương phẩm</subfield>
   <subfield code="b">Khóa luận tốt nghiệp : Sư phạm KTNN - KTGT : Trình độ : Cao đẳng</subfield>
   <subfield code="c">Nguyễn Thái Bình; Lê Ngọc Tiết hướng dẫn</subfield>
  </datafield>
  <datafield tag="260" ind1="#" ind2="#">
   <subfield code="a">Đồng Tháp</subfield>
   <subfield code="b">Trường Đại học Đồng Tháp</subfield>
   <subfield code="c">2007</subfield>
  </datafield>
  <datafield tag="300" ind1="#" ind2="#">
   <subfield code="a">36 tr.</subfield>
   <subfield code="b">hình ảnh</subfield>
   <subfield code="c">29 cm.</subfield>
   <subfield code="e">1 bản tóm tắt</subfield>
  </datafield>
  <datafield tag="650" ind1="#" ind2="4">
   <subfield code="2">Nuôi trồng thủy sản</subfield>
  </datafield>
  <datafield tag="650" ind1="#" ind2="4">
   <subfield code="2">Tôm càng xanh</subfield>
  </datafield>
  <datafield tag="650" ind1="#" ind2="4">
   <subfield code="2">Tôm</subfield>
  </datafield>
  <datafield tag="650" ind1="#" ind2="4">
   <subfield code="2">Sách hướng dẫn</subfield>
  </datafield>
  <datafield tag="700" ind1="1" ind2="#">
   <subfield code="a">Lê, Ngọc Tiết</subfield>
   <subfield code="e">hướng dẫn</subfield>
  </datafield>
  <datafield tag="852" ind1="#" ind2="#">
   <subfield code="j">KD.0011572</subfield>
  </datafield>
  <datafield tag="852" ind1="#" ind2="#">
   <subfield code="b">Kho đọc</subfield>
   <subfield code="j">KD.0011572</subfield>
  </datafield>
  <datafield tag="910" ind1="#" ind2="#">
   <subfield code="a">Ntuyet</subfield>
   <subfield code="d">30/08/2011</subfield>
  </datafield>
  <datafield tag="980" ind1="#" ind2="#">
   <subfield code="a">Trung tâm Học liệu Lê Vũ Hùng, Trường Đại học Đồng Tháp</subfield>
  </datafield>
 </record>
</collection>
